| Record ID | ia:pilgrimsguidecsl0000unse |
| Source | Internet Archive |
| Download MARC XML | https://archive.org/download/pilgrimsguidecsl0000unse/pilgrimsguidecsl0000unse_marc.xml |
| Download MARC binary | https://www.archive.org/download/pilgrimsguidecsl0000unse/pilgrimsguidecsl0000unse_meta.mrc |
LEADER: 00808cam a2200229 a 4500
001 98022482
003 DLC
005 19981016115735.4
008 980427s1998 miua b 000 0deng
010 $a 98022482
020 $a0802837778 (cloth : alk. paper)
040 $aDLC$cDLC$dDLC
043 $ae-uk-en
050 00 $aBX5199.L53$bP55 1998
082 00 $a230/.092$221
245 04 $aThe pilgrim's guide :$bC.S. Lewis and the art of witness /$cedited by David Mills.
260 $aGrand Rapids, Mich. :$bWilliam B. Eerdmans Pub.,$cc1998.
300 $axviii, 297 p. :$bill. ;$c24 cm.
504 $aIncludes bibliographical references (p. 265-273).
600 10 $aLewis, C. S.$q(Clive Staples),$d1898-1963$xReligion.
650 0 $aChristian literature, English$xHistory and criticism.
700 1 $aMills, David,$d1957-